000 00495nam a22001817a 4500
005 20251108164915.0
008 250721s1984 xx 000 0 ara d
082 1 4 _a962.03/محم
100 1 _aسلماوي، محمد
245 1 0 _aفي الناصرية /
264 1 _aالقاهرة :
_bدار ألف للنشر،
_c1984.
300 _a119ص
650 1 7 _aتاريخ مصر
650 1 7 _aالتاريخ السياسي
650 1 7 _aالثورات
942 _2ddc
_cBK
999 _c17162
_d17162